| 000 | 00795nam a2200205Ia 4500 | ||
|---|---|---|---|
| 003 | GCL | ||
| 005 | 20240530102434.0 | ||
| 008 | 140319s9999 xx 000 0 ara d | ||
| 040 |
_aGCL / _cGCL |
||
| 082 | 0 | 4 |
_a953.0712 _bس ت |
| 100 | 1 | _aسعد زغلول عبدالحميد | |
| 245 | 1 | 0 |
_aتاريخ المغرب العربى الجزء الثالث : _bالفاطميون وبنوزيرى الصنهاجيون الى قيام المرابطين / _cسعد زغلول عبدالحميد |
| 260 |
_aالقاهرة : _bمنشاة المعارف ، _c1990 |
||
| 300 |
_a569 ص ؛ _c24 سم |
||
| 650 | 0 | 4 | _aالدولة الفاطمية |
| 650 | 0 | 4 | _aالمرابطون |
| 650 | 0 | 4 | _aالدولة الصنهاجية |
| 650 | 0 | 4 | _aالمغرب العربى - تاريخ |
| 942 |
_2ddc _cBK |
||
| 999 |
_c32241 _d32241 |
||